Teacher Guide for Merrill General Mathematics / (Record no. 5326)

MARC details
000 -LEADER
fixed length control field 00737nam a22002177a 4500
003 - CONTROL NUMBER IDENTIFIER
control field URS
005 - DATE AND TIME OF LATEST TRANSACTION
control field 20220117120727.0
008 - FIXED-LENGTH DATA ELEMENTS--GENERAL INFORMATION
fixed length control field 190514s1987 ohua|||| |||| 00| 0 eng d
040 ## - CATALOGING SOURCE
Transcribing agency URS
050 14 - LIBRARY OF CONGRESS CALL NUMBER
Classification number QA39
Item number .As359 1987
100 1# - MAIN ENTRY--PERSONAL NAME
Personal name Ashlock, Robert B.,
Dates associated with a name 1930-
245 ## - TITLE STATEMENT
Title Teacher Guide for Merrill General Mathematics /
Remainder of title Robert B. Ashlock.
260 #1 - PUBLICATION, DISTRIBUTION, ETC.
Place of publication, distribution, etc. Columbus, Ohio
Name of publisher, distributor, etc. Merrill Publishing Co.
Date of publication, distribution, etc. [1987.]
260 #4 - PUBLICATION, DISTRIBUTION, ETC.
Date of publication, distribution, etc. ©1987
300 ## - PHYSICAL DESCRIPTION
Extent 472 pages :
Other physical details coloured illustrations ;
Dimensions 25 cm.
524 ## - PREFERRED CITATION OF DESCRIBED MATERIALS NOTE
Preferred citation of described materials note Ashlock, R. B. (1987) Teacher Guide for Merrill General Mathematics, Columbus, Ohio: Merrill Publishing Co.
700 ## - ADDED ENTRY--PERSONAL NAME
Personal name Hatfield, Mary M.
700 ## - ADDED ENTRY--PERSONAL NAME
Personal name Hausher, Howard L.
700 ## - ADDED ENTRY--PERSONAL NAME
Personal name Stoeckinger, John H.
942 ## - ADDED ENTRY ELEMENTS (KOHA)
Source of classification or shelving scheme Library of Congress Classification
Koha item type Foreign Books
Holdings
Withdrawn status Source of classification or shelving scheme Damaged status Not for loan Collection code Home library Current library Shelving location Date acquired Total Checkouts Full call number Barcode Date last seen Price effective from Koha item type
  Library of Congress Classification     Non-fiction Antipolo College Library Antipolo College Library On Display 05/14/2019   QA 39 .As359 1987 URSANT-00317 05/14/2019 05/14/2019 Foreign Books
  Library of Congress Classification     Non-fiction Antipolo College Library Antipolo College Library On Display 05/14/2019   QA 39 .As359 1987 URSANT-00316 05/14/2019 05/14/2019 Foreign Books
  Library of Congress Classification     Non-fiction Antipolo College Library Antipolo College Library On Display 05/14/2019   QA 39 .As359 1987 URSANT-00315 05/14/2019 05/14/2019 Foreign Books

University of Rizal System
Email us at univlibservices@urs.edu.ph

Visit our Website www.urs.edu.ph/library